Samajtattwa parichay (Record no. 9913)

MARC details
000 -LEADER
fixed length control field 00570cam a2200229ua 4500
001 - CONTROL NUMBER
control field 11017
005 - DATE AND TIME OF LATEST TRANSACTION
control field 20260515114707.0
008 - FIXED-LENGTH DATA ELEMENTS--GENERAL INFORMATION
fixed length control field 190731n ii |||gr||||Z||||||asm
020 ## - INTERNATIONAL STANDARD BOOK NUMBER
International Standard Book Number 9789388458283
040 ## - CATALOGING SOURCE
Transcribing agency MAIN
041 ## - LANGUAGE CODE
Language code of text/sound track or separate title asm
082 ## - DEWEY DECIMAL CLASSIFICATION NUMBER
Classification number 301
100 ## - MAIN ENTRY--PERSONAL NAME
Personal name Tapan Saikia,
Relator term Author.,
245 ## - TITLE STATEMENT
Title Samajtattwa parichay
Statement of responsibility, etc. By Tapan Saikia
250 ## - EDITION STATEMENT
Edition statement 1st ed.
260 ## - PUBLICATION, DISTRIBUTION, ETC.
Place of publication, distribution, etc. Guwahati:
Name of publisher, distributor, etc. Students stores,
Date of publication, distribution, etc. 2019.
300 ## - PHYSICAL DESCRIPTION
Extent 248p.
653 ## - INDEX TERM--UNCONTROLLED
Uncontrolled term Sociology & anthropology
653 ## - INDEX TERM--UNCONTROLLED
Uncontrolled term Introduction to sociology
700 ## - ADDED ENTRY--PERSONAL NAME
Personal name Arun Ray,
Relator term Author.
942 ## - ADDED ENTRY ELEMENTS (KOHA)
Koha item type Books
Holdings
Withdrawn status Lost status Damaged status Not for loan Home library Current library Shelving location Date acquired Total checkouts Full call number Barcode Date last seen Date last checked out Copy number Price effective from Koha item type
        Naharkatiya College Library Naharkatiya College Library General stacks 09/19/2020 12 301 | SAI 28135 11/15/2025 11/13/2025 1 09/19/2020 Books
        Naharkatiya College Library Naharkatiya College Library General stacks 09/19/2020 7 301 | SAI 28136 09/23/2022 09/23/2022 2 09/19/2020 Books
        Naharkatiya College Library Naharkatiya College Library General stacks 09/19/2020 14 301 | SAI 28137 09/08/2025 09/08/2025 3 09/19/2020 Books
        Naharkatiya College Library Naharkatiya College Library General stacks 09/19/2020 8 301 | SAI 28138 11/22/2025 10/22/2025 4 09/19/2020 Books
        Naharkatiya College Library Naharkatiya College Library General stacks 09/19/2020 15 301 | SAI 28139 11/15/2025 11/13/2025 5 09/19/2020 Books